Basic Applied physics (Record no. 7996)
[ view plain ]
| 000 -LEADER | |
|---|---|
| fixed length control field | 00325nam a2200133Ia 4500 |
| 008 - FIXED-LENGTH DATA ELEMENTS--GENERAL INFORMATION | |
| fixed length control field | 191201s2011 xx 000 0 und d |
| 082 ## - DEWEY DECIMAL CLASSIFICATION NUMBER | |
| Classification number | 530 |
| Item number | GAB |
| 100 ## - MAIN ENTRY--PERSONAL NAME | |
| Personal name | GAUR, RK |
| 245 #0 - TITLE STATEMENT | |
| Title | Basic Applied physics |
| 250 ## - EDITION STATEMENT | |
| Edition statement | 18th Rep |
| 260 ## - PUBLICATION, DISTRIBUTION, ETC. (IMPRINT) | |
| Date of publication, distribution, etc | 2011 |
| Name of publisher, distributor, etc | Dhanpat Rai Pubns (P) Ltd |
| Place of publication, distribution, etc | NEW DELHI |
| 300 ## - PHYSICAL DESCRIPTION | |
| Extent | 613 |
| 942 ## - ADDED ENTRY ELEMENTS (KOHA) | |
| Source of classification or shelving scheme | Dewey Decimal Classification |
| Koha item type | Text Books |
| 942 ## - ADDED ENTRY ELEMENTS (KOHA) | |
| -- | 1 |
| Withdrawn status | Lost status | Source of classification or shelving scheme | Damaged status | Not for loan | Collection code | Home library | Current library | Date acquired | Source of acquisition | Cost, normal purchase price | Bill Number | Total Checkouts | Full call number | Acc. no. / Barcode | Date last seen | Bill Date | Koha item type | Date last borrowed |
|---|---|---|---|---|---|---|---|---|---|---|---|---|---|---|---|---|---|---|
| Dewey Decimal Classification | Diploma in Mechanical | PIET C-LIBRARY | PIET C-LIBRARY | 03/07/2012 | IBH, New Delhi | 265.00 | 4860 | 530 GAB | DE19 | 04/12/2019 | 03/07/2012 | Text Books | ||||||
| Dewey Decimal Classification | Diploma in Mechanical | PIET C-LIBRARY | PIET C-LIBRARY | 03/07/2012 | IBH, New Delhi | 265.00 | 4860 | 1 | 530 GAB | DE20 | 03/01/2023 | 03/07/2012 | Text Books | 20/12/2022 | ||||
| Dewey Decimal Classification | Diploma in Mechanical | PIET C-LIBRARY | PIET C-LIBRARY | 03/07/2012 | IBH, New Delhi | 265.00 | 4860 | 530 GAB | DE21 | 04/12/2019 | 03/07/2012 | Text Books | ||||||
| Dewey Decimal Classification | Diploma in Mechanical | PIET C-LIBRARY | PIET C-LIBRARY | 03/07/2012 | IBH, New Delhi | 265.00 | 4860 | 530 GAB | DE22 | 04/12/2019 | 03/07/2012 | Text Books | ||||||
| Dewey Decimal Classification | Diploma in Mechanical | PIET C-LIBRARY | PIET C-LIBRARY | 03/07/2012 | IBH, New Delhi | 265.00 | 4860 | 530 GAB | DE23 | 04/12/2019 | 03/07/2012 | Text Books | ||||||
| Dewey Decimal Classification | Diploma in Mechanical | PIET C-LIBRARY | PIET C-LIBRARY | 03/07/2012 | IBH, New Delhi | 265.00 | 4860 | 530 GAB | DE24 | 04/12/2019 | 03/07/2012 | Text Books |